Junge Generation und Europäische Einigung Einstellungen - Wünsche - Perspektiven
Gespeichert in:
| 1. Verfasser: | |
|---|---|
| Weitere Verfasser: | |
| Format: | Buch |
| Sprache: | Deutsch |
| Veröffentlicht: |
Bonn
Europa Union
1990
|
| Ausgabe: | 1. Aufl. |
| Schlagworte: | |
| Tags: |
Keine Tags, Fügen Sie das erste Tag hinzu!
|
MARC
| LEADER | 00000nam a2200000 4500 | ||
|---|---|---|---|
| 001 | c000577 | ||
| 005 | 20221215125354.9 | ||
| 020 | |a 3-7713-0359-1 | ||
| 041 | 0 | |a ger | |
| 044 | |a DE | ||
| 245 | 1 | 0 | |a Junge Generation und Europäische Einigung |b Einstellungen - Wünsche - Perspektiven |c Werner Weidenfeld, Melanie Piepenschneider |
| 250 | |a 1. Aufl. | ||
| 264 | 1 | |a Bonn |b Europa Union |c 1990 | |
| 300 | |a 242 s. | ||
| 610 | 2 | 0 | |a Európa |
| 610 | 2 | 0 | |a integrácia ekonomická medzinárodná |
| 610 | 2 | 0 | |a Nemecko |
| 610 | 2 | 0 | |a mládež |
| 610 | 2 | 0 | |a prognózy |
| 610 | 2 | 0 | |a vzdelávanie |
| 100 | 1 | |a Weidenfeld, Werner | |
| 700 | 1 | |a Piepenschneider, Melanie | |